000 00401nam a2200157Ia 4500
005 20250423100754.0
008 250422s9999 xx 000 0 und d
020 _a0- 07- 246975- 7
050 _aHG 4026 .R677/
100 _aStephen A. Ross
245 0 _aReady notes for use with fundamentals of corporate finance
250 _a6th ed.
260 _bMCGraw- Hill
260 _c2003
942 _cBK
999 _c34297
_d34297